[Event "Titled Tuesday intern op 27th Feb Late"]
[Site "Chess.com INT"]
[Date "2024.02.27"]
[Round "11"]
[White "Gutierrez Espinosa, Karen"]
[Black "Kanter, Eduard"]
[Result "0-1"]
[WhiteElo "2070"]
[BlackElo "2344"]
[PlyCount "88"]
[EventDate "2024.02.27"]
[EventType "swiss (blitz)"]
[EventRounds "11"]
[EventCountry "USA"]
[SourceTitle "CB10_2024"]
[SourceDate "2024.03.06"]
[SourceVersion "1"]
[SourceVersionDate "2024.03.06"]
[SourceQuality "1"]

1. e4 c5 2. Nf3 d6 3. d4 cxd4 4. Nxd4 Nf6 5. Nc3 g6 6. Be3 Bg7 7. f3 0-0 8. Qd2 Nc6 9. Bc4 Bd7 10. Bb3 Rc8 11. 0-0-0 Ne5 12. Kb1 Re8 13. h4 h5 14. g4 hxg4 15. h5 Nxh5 16. Rdg1 Qa5 17. Bh6 Bf6 18. Bg5 Nc4 19. Bxc4 Bxg5 20. Qd3 g3 21. Bb3 Nf4 22. Qd2 Rxc3 23. bxc3 Nh3 24. Qd3 Nxg1 25. e5 Qxe5 26. Qxg6+ Qg7 27. Bxf7+ Kf8 28. Bxe8 Qxg6 29. Bxg6 Nh3 30. Ne2 g2 31. Rd1 Be3 32. Be4 b6 33. c4 Be6 34. Bd3 Kf7 35. f4 Bg4 36. Re1 Bxe2 37. Bxe2 g1Q 38. Rxg1 Nxg1 39. Bd3 Bxf4 40. Be4 Ne2 41. Kb2 Be5+ 42. Kb3 Nc3 43. Kb4 Nxe4 44. Kb5 Nc3+ 0-1

[Event "CUB-ch (Women)"]
[Site "Pinar del Rio"]
[Date "2024.02.15"]
[Round "8"]
[White "Gutierrez Espinosa, Karen"]
[Black "Lopez Samon, Yurima"]
[Result "1-0"]
[WhiteElo "2070"]
[BlackElo "2020"]
[PlyCount "63"]
[EventDate "2024.02.08"]
[EventType "swiss"]
[EventRounds "10"]
[EventCountry "CUB"]
[SourceTitle "CB08_2024"]
[SourceDate "2024.02.21"]
[SourceVersion "1"]
[SourceVersionDate "2024.02.21"]
[SourceQuality "1"]

1. e4 c5 2. Nf3 Nc6 3. d4 cxd4 4. Nxd4 Nf6 5. Nc3 e5 6. Ndb5 d6 7. Bg5 a6 8. Na3 b5 9. Nd5 Be7 10. Bxf6 Bxf6 11. c3 0-0 12. Nc2 Bg5 13. h4 Bh6 14. a4 Rb8 15. b4 bxa4 16. Rxa4 Ne7 17. Bxa6 Nxd5 18. exd5 Ra8 19. b5 Bxa6 20. Rxa6 Rxa6 21. bxa6 Qc8 22. Qa1 Qc4 23. Nb4 Rc8 24. Rh3 e4 25. Qa2 Qc5 26. Nc6 Kf8 27. a7 Ra8 28. Qb3 Re8 29. Ke2 e3 30. f3 g6 31. Rh1 Bg7 32. Ra1 1-0

[Event "Carlos Torre Memorial op 33rd"]
[Site "Merida"]
[Date "2023.12.15"]
[Round "1"]
[White "Gutierrez Espinosa, Karen"]
[Black "Barrientos Chavarriaga, Sergio E"]
[Result "0-1"]
[WhiteElo "2063"]
[BlackElo "2441"]
[PlyCount "102"]
[EventDate "2023.12.15"]
[EventType "swiss"]
[EventRounds "9"]
[EventCountry "MEX"]
[SourceTitle "CB52_2023"]
[SourceDate "2023.12.27"]
[SourceVersion "1"]
[SourceVersionDate "2023.12.27"]
[SourceQuality "1"]

1. e4 c6 2. Nf3 d5 3. exd5 cxd5 4. d4 Nc6 5. Be2 Bg4 6. h3 Bxf3 7. Bxf3 e6 8. 0-0 Nf6 9. c3 Bd6 10. Re1 h6 11. Nd2 0-0 12. Nf1 b5 13. a3 a5 14. Qd3 Qb6 15. Be3 Rfe8 16. a4 bxa4 17. Rxa4 Rab8 18. Ra2 Qc7 19. Bd1 e5 20. dxe5 Nxe5 21. Qf5 Nc4 22. Re2 Nxe3 23. Nxe3 Bc5 24. Ng4 Ne4 25. Bc2 g6 26. Qxd5 Nxf2 27. Nf6+ Kg7 28. Nxe8+ Rxe8 29. Rxe8 Ne4+ 30. Qxc5 Qxc5+ 31. Kh1 Ng3+ 32. Kh2 Nf1+ 33. Kh1 Qf2 34. Ba4 h5 35. Ra1 Ng3+ 36. Kh2 Qxb2 37. Rae1 Qxc3 38. R8e7 Nf5 39. R7e4 h4 40. Bd1 Nd6 41. Re7 Kh6 42. Bf3 a4 43. Rd1 Qb4 44. Rd7 Qf4+ 45. Kg1 Nb5 46. R1d5 Nc3 47. Rd4 Qe3+ 48. Kh2 Qe5+ 49. Kh1 Qe1+ 50. Kh2 a3 51. Rd8 a2 0-1

[Event "Cancun Camara Cup 11th"]
[Site "Cancun"]
[Date "2023.10.11"]
[Round "1"]
[White "Gutierrez Espinosa, Karen"]
[Black "Elias Reyes, Jorge Roberto"]
[Result "0-1"]
[WhiteElo "2044"]
[BlackElo "2466"]
[PlyCount "72"]
[EventDate "2023.10.11"]
[EventType "swiss"]
[EventRounds "9"]
[EventCountry "MEX"]
[SourceTitle "Mega2024 Update 01"]
[Source "Chessbase"]
[SourceDate "2023.11.12"]
[SourceVersion "1"]
[SourceVersionDate "2023.11.12"]
[SourceQuality "1"]

1. e4 c5 2. Nf3 e6 3. d4 cxd4 4. Nxd4 Nc6 5. Nc3 a6 6. Be2 Qc7 7. 0-0 Nf6 8. Be3 Be7 9. Qd2 0-0 10. f4 d6 11. Kh1 Nxd4 12. Bxd4 b5 13. Bf3 Bb7 14. e5 dxe5 15. fxe5 Nd7 16. Rae1 Rad8 17. Qf2 Bxf3 18. gxf3 Bc5 19. Rg1 Bxd4 20. Qxd4 g6 21. a3 Nb6 22. Qh4 Nd5 23. Ne4 Qxe5 24. Rg5 Qf4 25. Qh6 Qxf3+ 26. Kg1 Ne3 27. Rg3 Qxe4 28. Rgxe3 Qg4+ 29. Kh1 Rd2 30. Rg3 Qd4 31. c3 Qd5+ 32. Kg1 Rxb2 33. Rf1 Qc5+ 34. Kh1 Qd5+ 35. Kg1 Qe4 36. Re3 Qg2# 0-1

[Event "Titled Tuesday intern op 22nd Aug Late"]
[Site "Chess.com INT"]
[Date "2023.08.22"]
[Round "3"]
[White "Gutierrez Espinosa, Karen"]
[Black "Merino Garcia, Rafael"]
[Result "0-1"]
[WhiteElo "2044"]
[BlackElo "2407"]
[PlyCount "78"]
[EventDate "2023.08.22"]
[EventType "swiss (blitz)"]
[EventRounds "11"]
[EventCountry "USA"]
[SourceTitle "EXT 2024"]
[Source "ChessBase"]
[SourceDate "2023.10.10"]
[SourceVersion "1"]
[SourceVersionDate "2023.10.10"]
[SourceQuality "1"]

1. e4 d6 2. d4 Nd7 3. c4 g6 4. Nc3 Bg7 5. Nf3 e5 6. Be2 Ne7 7. 0-0 0-0 8. Bg5 h6 9. Bxe7 Qxe7 10. d5 f5 11. Nd2 a6 12. b4 f4 13. f3 g5 14. Nb3 h5 15. c5 Nf6 16. cxd6 cxd6 17. Na4 g4 18. Nb6 Rb8 19. Nxc8 Rbxc8 20. fxg4 Nxe4 21. gxh5 Nc3 22. Qd2 e4 23. Rac1 Qg5 24. Nd4 Bxd4+ 25. Kh1 Be3 26. Qxc3 Rxc3 27. Rxc3 Bb6 28. h4 Qxh4+ 29. Rh3 Qg5 30. h6 Kh7 31. Rh5 Qg3 32. Rh3 Qg6 33. Bh5 Qg5 34. a4 Rf6 35. a5 Rxh6 36. axb6 Rxh5 37. Rc1 Rxh3+ 38. gxh3 f3 39. Rc7+ Kh6 0-1

[Event "Titled Tuesday intern op 22nd Aug Late"]
[Site "Chess.com INT"]
[Date "2023.08.22"]
[Round "1"]
[White "Jovic, Stanoje"]
[Black "Gutierrez Espinosa, Karen"]
[Result "1-0"]
[WhiteElo "2075"]
[BlackElo "2044"]
[PlyCount "67"]
[EventDate "2023.08.22"]
[EventType "swiss (blitz)"]
[EventRounds "11"]
[EventCountry "USA"]
[SourceTitle "EXT 2024"]
[Source "ChessBase"]
[SourceDate "2023.10.10"]
[SourceVersion "1"]
[SourceVersionDate "2023.10.10"]
[SourceQuality "1"]

1. c4 c5 2. g3 Nf6 3. Bg2 Nc6 4. Nc3 g6 5. Nf3 Bg7 6. 0-0 0-0 7. d4 cxd4 8. Nxd4 Nxd4 9. Qxd4 d6 10. Bg5 Be6 11. Qd2 Rb8 12. b3 a6 13. a4 Qa5 14. Rac1 b5 15. axb5 h6 16. Bxh6 axb5 17. Nxb5 Rxb5 18. cxb5 Qxb5 19. Bxg7 Kxg7 20. b4 Rb8 21. Rb1 Bc4 22. Bf3 d5 23. Rfd1 e5 24. e3 Ne4 25. Bxe4 dxe4 26. Qd6 Bd3 27. Rb2 Rb6 28. Qd8 Rf6 29. Rc1 g5 30. Qe7 g4 31. Qc5 Qa4 32. Qxe5 Qa3 33. b5 Qa4 34. b6 1-0

[Event "American Continental (Women) 14th"]
[Site "Havana"]
[Date "2023.05.07"]
[Round "2"]
[White "Francisco Guecamburu, Candela Be"]
[Black "Gutierrez Espinosa, Karen"]
[Result "1-0"]
[WhiteElo "2286"]
[BlackElo "2079"]
[PlyCount "61"]
[EventDate "2023.05.07"]
[EventType "swiss"]
[EventRounds "9"]
[EventCountry "CUB"]
[SourceTitle "CBM 214 Extra"]
[Source "ChessBase"]
[SourceDate "2023.07.31"]
[SourceVersion "1"]
[SourceVersionDate "2023.07.31"]
[SourceQuality "1"]

1. e4 c6 2. d4 d5 3. e5 Bf5 4. h4 h5 5. Bd3 Bxd3 6. Qxd3 e6 7. Nf3 Qb6 8. Nbd2 Ne7 9. c4 Qa6 10. b3 Nf5 11. 0-0 Be7 12. a4 Nd7 13. Ba3 c5 14. Qb1 dxc4 15. Nxc4 0-0 16. Qe4 Qc6 17. Qe2 Rfe8 18. Rac1 Qa6 19. Rfd1 cxd4 20. Bxe7 Rxe7 21. Nxd4 Nxd4 22. Rxd4 g6 23. Rd6 b6 24. Qf3 Rc8 25. Rcd1 Rc7 26. Qf4 Qb7 27. R6d3 Rc5 28. Qg5 Nf8 29. Rd8 Rd5 30. R1xd5 exd5 31. Qh6 1-0

[Event "Titled Tuesday intern op 28th Feb Early"]
[Site "Chess.com INT"]
[Date "2023.02.28"]
[Round "4"]
[White "Gutierrez Espinosa, Karen"]
[Black "Ipek, Egehan"]
[Result "1-0"]
[WhiteElo "2110"]
[BlackElo "2135"]
[PlyCount "95"]
[EventDate "2023.02.28"]
[EventType "swiss (blitz)"]
[EventRounds "11"]
[EventCountry "USA"]
[SourceTitle "CBM 213 Extra"]
[Source "ChessBase"]
[SourceDate "2023.05.31"]
[SourceVersion "1"]
[SourceVersionDate "2023.05.31"]
[SourceQuality "1"]

1. e4 c6 2. d4 d5 3. Nc3 dxe4 4. Nxe4 Nf6 5. Nxf6+ exf6 6. Nf3 Bd6 7. Bd3 0-0 8. 0-0 Re8 9. Be3 Na6 10. c3 Nc7 11. c4 b5 12. b3 bxc4 13. bxc4 Bg4 14. h3 Bh5 15. Be2 Ne6 16. Qd2 Bb8 17. d5 Qc7 18. g3 cxd5 19. cxd5 Rd8 20. Rfc1 Qe7 21. Qa5 Bc7 22. Qb5 Bxf3 23. Bxf3 Ng5 24. Bxg5 fxg5 25. d6 Bxd6 26. Bxa8 Rxa8 27. Qc6 Rd8 28. Re1 Be5 29. Rad1 Re8 30. Rd7 Qb4 31. Rxe5 Rxe5 32. Rd8+ Qf8 33. Rxf8+ Kxf8 34. Qd6+ Re7 35. f4 gxf4 36. gxf4 h6 37. Kf2 g6 38. Kf3 Ke8 39. Qb8+ Kd7 40. Qxa7+ Ke6 41. Qb6+ Kf5 42. a4 g5 43. fxg5 hxg5 44. a5 Re1 45. a6 Rf1+ 46. Kg2 Ra1 47. a7 Kf4 48. Qb4+ 1-0

[Event "Guillermo Garcia Memorial op"]
[Site "Santa Clara"]
[Date "2022.05.07"]
[Round "7"]
[White "Hernandez Sosa, Oscar Luis"]
[Black "Gutierrez Espinosa, Karen"]
[Result "1-0"]
[WhiteElo "1971"]
[BlackElo "2084"]
[PlyCount "57"]
[EventDate "2022.04.30"]
[EventType "swiss"]
[EventRounds "9"]
[EventCountry "CUB"]
[SourceTitle "CBM 208 Extra"]
[Source "ChessBase"]
[SourceDate "2022.07.31"]
[SourceVersion "1"]
[SourceVersionDate "2022.07.31"]
[SourceQuality "1"]

1. c4 Nf6 2. Nc3 c5 3. g3 Nc6 4. Bg2 g6 5. Nf3 Bg7 6. d4 cxd4 7. Nxd4 0-0 8. 0-0 Qb6 9. Nc2 d6 10. Rb1 Be6 11. b3 Rac8 12. Bb2 Qa5 13. Ne3 Ng4 14. Nxg4 Bxg4 15. Na4 Qh5 16. Re1 Bf5 17. Bxg7 Kxg7 18. e4 Bg4 19. f3 Bh3 20. f4 Bg4 21. Qd5 Qh6 22. Nc3 e6 23. Qd3 a6 24. Rb2 Rfd8 25. h3 Bxh3 26. Bxh3 Qxh3 27. Rh2 Ne5 28. fxe5 dxe5 29. Qf3 1-0

[Event "Guillermo Garcia Memorial op"]
[Site "Santa Clara"]
[Date "2022.05.01"]
[Round "2"]
[White "Gutierrez Espinosa, Karen"]
[Black "Mogollon Tobar, Nicolle Juliet"]
[Result "1-0"]
[WhiteElo "2084"]
[BlackElo "1982"]
[PlyCount "103"]
[EventDate "2022.04.30"]
[EventType "swiss"]
[EventRounds "9"]
[EventCountry "CUB"]
[SourceTitle "CBM 208 Extra"]
[Source "ChessBase"]
[SourceDate "2022.07.31"]
[SourceVersion "1"]
[SourceVersionDate "2022.07.31"]
[SourceQuality "1"]

1. e4 e6 2. d4 d5 3. Nd2 c5 4. exd5 Qxd5 5. dxc5 Bxc5 6. Ngf3 Nf6 7. Bc4 Qd6 8. 0-0 0-0 9. Qe2 Nc6 10. Nb3 Bb6 11. Bg5 Nd7 12. Rad1 Qc7 13. Qe4 Nde5 14. Bf4 Nxf3+ 15. Qxf3 e5 16. Bg3 Kh8 17. c3 f5 18. h3 Bd7 19. Qd5 Be8 20. Qd6 Bf7 21. Bxf7 Qxf7 22. Qd7 Qg6 23. Kh1 Rf7 24. Qd6 f4 25. Qxg6 hxg6 26. Bh4 e4 27. Nd2 Re8 28. Rde1 e3 29. fxe3 Bxe3 30. Nc4 Rd7 31. Bg5 Re4 32. Nxe3 fxe3 33. Rxe3 Rxe3 34. Bxe3 Kg8 35. Kg1 b6 36. Bf4 Nd8 37. Re1 Kf7 38. Kf2 Ne6 39. Be3 Rd5 40. g4 g5 41. Re2 Re5 42. Kf3 Ra5 43. b3 Re5 44. Rd2 Ke7 45. c4 Nc7 46. Bd4 Re1 47. Re2+ Rxe2 48. Kxe2 Ne6 49. Be5 Nf4+ 50. Bxf4 gxf4 51. h4 Kf6 52. Kf3 1-0

[Event "CUB-ch (Women)"]
[Site "Holguin"]
[Date "2020.02.08"]
[Round "10"]
[White "Miranda Llanes, Yerisbel"]
[Black "Gutierrez Espinosa, Karen"]
[Result "1-0"]
[WhiteElo "2279"]
[BlackElo "2127"]
[PlyCount "77"]
[EventDate "2020.01.29"]
[EventType "tourn"]
[EventRounds "11"]
[EventCountry "CUB"]
[SourceTitle "CBM 195 Extra"]
[Source "ChessBase"]
[SourceDate "2020.05.31"]
[SourceVersion "1"]
[SourceVersionDate "2020.05.31"]
[SourceQuality "1"]

1. d4 d5 2. c4 c6 3. Nc3 Nf6 4. e3 e6 5. Nf3 Nbd7 6. Qc2 Bd6 7. Bd3 dxc4 8. Bxc4 b5 9. Bd3 Bb7 10. e4 e5 11. 0-0 a6 12. dxe5 Nxe5 13. Nxe5 Bxe5 14. Ne2 0-0 15. Rd1 Qc7 16. f4 Qb6+ 17. Kh1 Ng4 18. Rf1 Bb8 19. Ng1 Ba7 20. Nh3 Rad8 21. Qe2 h5 22. a4 Rd4 23. Bc2 Rfd8 24. Ng5 R4d7 25. h3 Ne3 26. Bxe3 Qxe3 27. Qxh5 Bd4 28. e5 c5 29. Rae1 Qg3 30. Re2 g6 31. Qh7+ Kf8 32. Qh8+ Ke7 33. Qf6+ Ke8 34. Bxg6 Bd5 35. Bf5 Rc7 36. Qh6 Rc6 37. e6 Be3 38. exf7+ Ke7 39. Qg7 1-0

[Event "CUB-ch (Women)"]
[Site "Holguin"]
[Date "2020.02.06"]
[Round "8"]
[White "Gutierrez Espinosa, Karen"]
[Black "Arribas Robaina, Maritza"]
[Result "1-0"]
[WhiteElo "2127"]
[BlackElo "2208"]
[PlyCount "83"]
[EventDate "2020.01.29"]
[EventType "tourn"]
[EventRounds "11"]
[EventCountry "CUB"]
[SourceTitle "CBM 195 Extra"]
[Source "ChessBase"]
[SourceDate "2020.05.31"]
[SourceVersion "1"]
[SourceVersionDate "2020.05.31"]
[SourceQuality "1"]

1. e4 e6 2. d4 d5 3. Nd2 Nf6 4. e5 Nfd7 5. Bd3 c5 6. c3 Nc6 7. Ne2 cxd4 8. cxd4 f6 9. exf6 Nxf6 10. 0-0 Bd6 11. Nf3 Qc7 12. Bg5 0-0 13. Rc1 Bd7 14. Qc2 Be8 15. Bh4 h6 16. Bg3 Bh5 17. Qd2 Bxf3 18. gxf3 Nh5 19. Qe3 Rf6 20. Bh4 Bxh2+ 21. Kh1 Bf4 22. Nxf4 Qxf4 23. Bxf6 Qxf6 24. Rg1 Nf4 25. Rg4 Rf8 26. Rcg1 Rf7 27. Bg6 Nxg6 28. Rxg6 Qh4+ 29. Kg2 Qxd4 30. Qxe6 Ne7 31. Rg4 Qf6 32. Qxf6 Rxf6 33. Kf1 Nf5 34. Rg6 Rf7 35. R1g4 Kf8 36. Ra4 a6 37. Rb6 Rd7 38. Rf4 Rf7 39. Rfb4 Ne7 40. Rxb7 Rxf3 41. R7b6 a5 42. Ra4 1-0